| 000 | 00473nam a22001577a 4500 | ||
|---|---|---|---|
| 008 | 230410b |||||||| |||| 00| 0 eng d | ||
| 040 |
_aNational Science Library _cNational Science Library |
||
| 080 |
_a341.16:38+330(082.2) _bL3 |
||
| 100 |
_aBijli, Shah M _96660 |
||
| 245 | _aDeveloping nations and the UNCTAD | ||
| 260 |
_aAligrah: _bInternational Book Traders, _c1973 |
||
| 300 | _a71p. | ||
| 650 | _aDeveloping nations | ||
| 653 | _aUnctad | ||
| 942 |
_2udc _cBK |
||
| 999 |
_c20223 _d20223 |
||